ÀQuieres ser John Malkovic? /

Craig Schwartz (John Cusack) es un marionetista callejero sin mucho éxito, casado con Lotte (Cameron Díaz) que un día empieza a trabajar en una empresa de Manhattan donde ejercerá de archivero. Allí se enamora de Maxine (Catherine Keener), una compañera de trabajo que le considera un perdedor. No ob...

Descripción completa

Detalles Bibliográficos
Otros Autores: Reygadas, Carlos (Conductor)
Formato: VHS
Lenguaje:español
Publicado: Estados Unidos DVD Video 1999
Materias:

MARC

LEADER 00000cgm a2200000 a 4500
001 030716
003 UAHC_CL
005 20170803123241.0
008 111214b2002 mx 000 spa
040 |a UAHC_CL  |c UAHC_CL  |d UAHC_CL 
245 1 0 |a ÀQuieres ser John Malkovic? /  |c Spike Jonze. 
260 |a Estados Unidos  |b DVD Video  |c 1999 
300 |a 112 min. 
520 |a Craig Schwartz (John Cusack) es un marionetista callejero sin mucho éxito, casado con Lotte (Cameron Díaz) que un día empieza a trabajar en una empresa de Manhattan donde ejercerá de archivero. Allí se enamora de Maxine (Catherine Keener), una compañera de trabajo que le considera un perdedor. No obstante, un día descubre cerca de su puesto de trabajo un pasadizo secreto que lleva directamente a la cabeza de John Malkovich. 
650 4 |a CINE 
700 1 |a Reygadas, Carlos  |e dir. 
900 |a DVD-447 
942 |c VHS 
952 |0 0  |1 0  |4 0  |6 DVD_447  |7 0  |8 Referencia  |9 60078  |a BC  |b BC  |c Referencia  |d 2017-08-03  |l 0  |o DVD-447  |p 1390021  |r 2022-01-14 00:00:00  |t 1  |w 2017-08-03  |y DVD 
999 |c 30716  |d 30716